00733nam a2200217 a 450000100060000000300080000600500170001400800410003103500190007204000270009104100110011808200290012910000210015824500900017926000320026930000210030149000720032249000750039449000220046965000240049173265BD-RjUL20211209082353.0170529s1956 nyu 001 0 eng  a(BD-RjUL)73483 aDLCcMnUdBD-RjULbeng1 aruseng a553.210947223bKAS 19561 aKazakov, George,14aThe Soviet peat industry /cTranslated by George Adashko. Edited by W. Donald Bowles. aNew York :bPraeger,cc1956 a245 p. ;c22 cm.0 aResearch monographs of the Research Program on the U.S.S.R.,vno. 10 aPraeger's publications on Russian history and world communism, no. 430 aBooks that matter 0aPeatzSoviet Union.